|
|
|
|
| LEADER |
00754nab a2200229 i 4500 |
| 001 |
publ32212 |
| 005 |
20250329144243.0 |
| 008 |
250329s1992 hu o 000 hun d |
| 022 |
|
|
|a 0006-7768
|
| 024 |
7 |
|
|a 2130405
|2 mtmt
|
| 040 |
|
|
|a SZTE Publicatio Repozitórium
|b hun
|
| 041 |
|
|
|a hun
|
| 100 |
1 |
|
|a Bölcskei Lajos
|
| 245 |
1 |
0 |
|a Subcornealis pustulosis és IgA myeloma multiplex
|h [elektronikus dokumentum] /
|c Bölcskei Lajos
|
| 260 |
|
|
|c 1992
|
| 300 |
|
|
|a 69-76
|
| 490 |
0 |
|
|a BŐRGYÓGYÁSZATI ÉS VENEROLÓGIAI SZEMLE
|v 68 No. 2
|
| 650 |
|
4 |
|a Klinikai orvostan
|
| 700 |
0 |
1 |
|a Husz Sándor
|e aut
|
| 700 |
0 |
1 |
|a Hunyadi János
|e aut
|
| 700 |
0 |
1 |
|a Dobozy Attila
|e aut
|
| 856 |
4 |
0 |
|u http://publicatio.bibl.u-szeged.hu/32212/1/aok_klny_114_92.pdf
|z Dokumentum-elérés
|